[Event "chess.com Speed 2019"]
[Site "chess.com INT"]
[Date "2019.09.03"]
[Round "1.25"]
[White "Ding, Liren"]
[Black "Shankland, Sam"]
[Result "1-0"]
[WhiteTitle "GM"]
[BlackTitle "GM"]
[WhiteElo "2811"]
[BlackElo "2705"]
[WhiteFideId "8603677"]
[BlackFideId "2004887"]
[EventDate "2019.09.02"]

1. Nf3 d5 2. g3 Nf6 3. Bg2 g6 4. O-O Bg7 5. c4 dxc4 6. Na3 O-O 7. Nxc4 c5 8. b3
Nc6 9. Bb2 Be6 10. d4 Bxc4 11. bxc4 Ne8 12. e3 Nd6 13. Qe2 cxd4 14. exd4 e6 15.
Rfd1 Rc8 16. Rac1 Re8 17. Ne5 Qc7 18. Nxc6 bxc6 19. Ba3 Red8 20. d5 Qa5 21. Bxd6
Rxd6 22. dxc6 Rcd8 23. Rxd6 Rxd6 24. Rb1 Bd4 25. h4 Bb6 26. Rb5 Qc3 27. c5 Bxc5
28. Rb8+ Kg7 29. c7 Rd2 30. Qxd2 Qxd2 31. c8=Q Bxf2+ 32. Kh2 Qe3 33. Qf8+ Kf6
34. Qd8+ Kg7 35. Qf8+ Kf6 36. Rb3 1-0

[Event "chess.com Speed 2019"]
[Site "chess.com INT"]
[Date "2019.09.03"]
[Round "1.26"]
[White "Shankland, Sam"]
[Black "Ding, Liren"]
[Result "0-1"]
[WhiteTitle "GM"]
[BlackTitle "GM"]
[WhiteElo "2705"]
[BlackElo "2811"]
[WhiteFideId "2004887"]
[BlackFideId "8603677"]
[EventDate "2019.09.02"]

1. e4 e5 2. Nf3 Nc6 3. Bb5 a6 4. Ba4 Nf6 5. O-O Be7 6. Re1 b5 7. Bb3 O-O 8. d3
d6 9. a3 Na5 10. Ba2 c5 11. Nc3 Be6 12. Bg5 Bxa2 13. Rxa2 Nc6 14. Bxf6 Bxf6 15.
Nd5 Ne7 16. Nxf6+ gxf6 17. Nh4 Qd7 18. Qh5 Kh8 19. Re3 Rg8 20. Ra1 Qe6 21. Rf3
Rg7 22. Qh6 Ng8 23. Qe3 Ne7 24. Re1 Rag8 25. g3 Rg5 26. c3 f5 27. exf5 Nxf5 28.
Nxf5 Rxf5 29. d4 exd4 30. Qxe6 fxe6 31. Rxf5 exf5 32. cxd4 cxd4 33. Rd1 Kg7 34.
Rxd4 Rd8 35. Kg2 Kf6 36. Kf3 Ke5 37. Ke3 Rc8 38. Rh4 Rc2 39. Rxh7 Rxb2 40. f4+
Kd5 41. h4 Rb3+ 42. Kf2 Rxa3 43. h5 b4 44. Rb7 Ra2+ 45. Kf3 a5 46. h6 Rh2 47.
Rb5+ Kc4 48. Rxa5 b3 49. Ra6 Rxh6 50. Rb6 Kc3 51. g4 Rh3+ 52. Kg2 fxg4 0-1

[Event "chess.com Speed 2019"]
[Site "chess.com INT"]
[Date "2019.09.03"]
[Round "1.27"]
[White "Ding, Liren"]
[Black "Shankland, Sam"]
[Result "1-0"]
[WhiteTitle "GM"]
[BlackTitle "GM"]
[WhiteElo "2811"]
[BlackElo "2705"]
[WhiteFideId "8603677"]
[BlackFideId "2004887"]
[EventDate "2019.09.02"]

1. Nf3 d5 2. g3 g6 3. Bg2 Bg7 4. d4 Nf6 5. O-O O-O 6. c4 c6 7. cxd5 cxd5 8. Ne5
Nc6 9. Nc3 e6 10. Nxc6 bxc6 11. Na4 Nd7 12. Bf4 Qa5 13. Rc1 Ba6 14. b3 Bb5 15.
Re1 Bxa4 16. bxa4 Rfc8 17. e4 Qb4 18. Be3 Nb6 19. e5 Qxa4 20. Qb3 Qa6 21. Bf1
Qa5 22. Red1 Rab8 23. Rc5 Qa4 24. Rdc1 Qxb3 25. axb3 Nd7 26. Rxc6 Rxc6 27. Rxc6
Rxb3 28. Rc7 Nf8 29. Rxa7 h6 30. h4 Kh7 31. Kg2 Kg8 32. g4 Rb8 33. Bd3 Rd8 34.
Bb5 Rb8 35. Ba4 Rc8 36. Bb5 Rb8 37. Ba4 Rc8 38. Kf3 Rd8 39. Ke2 Rc8 40. Kd3 Nh7
41. f4 Nf8 42. h5 gxh5 43. gxh5 f5 44. Bd2 Rb8 45. Kc2 Nh7 46. Bd7 Nf8 47. Ba4
Nh7 48. Ba5 Nf8 49. Kd3 Bh8 50. Kc3 Bg7 51. Bb4 Nh7 52. Bc5 Bf8 53. Bd7 1-0

[Event "chess.com Speed 2019"]
[Site "chess.com INT"]
[Date "2019.09.03"]
[Round "1.28"]
[White "Shankland, Sam"]
[Black "Ding, Liren"]
[Result "1/2-1/2"]
[WhiteTitle "GM"]
[BlackTitle "GM"]
[WhiteElo "2705"]
[BlackElo "2811"]
[WhiteFideId "2004887"]
[BlackFideId "8603677"]
[EventDate "2019.09.02"]

1. e4 e5 2. Nf3 Nc6 3. Bb5 a6 4. Ba4 Nf6 5. O-O Be7 6. Re1 b5 7. Bb3 O-O 8. d3
d6 9. a3 Na5 10. Ba2 c5 11. Nc3 Be6 12. Bg5 Nc6 13. Bxf6 Bxf6 14. Nd5 g6 15. c3
Bg7 16. b4 Ne7 17. Ne3 Qd7 18. a4 Rfb8 19. Bxe6 Qxe6 20. Qc2 Bh6 21. Qa2 Bxe3
22. Rxe3 Qxa2 23. Rxa2 cxb4 24. cxb4 Nc6 25. axb5 axb5 26. Rxa8 Rxa8 27. g3 Nxb4
28. d4 Nc2 29. Rb3 Nxd4 30. Nxd4 exd4 31. Rxb5 Re8 32. f3 Re5 33. Rb4 d5 34.
Rxd4 dxe4 35. fxe4 1/2-1/2

[Event "chess.com Speed 2019"]
[Site "chess.com INT"]
[Date "2019.09.03"]
[Round "1.29"]
[White "Ding, Liren"]
[Black "Shankland, Sam"]
[Result "1-0"]
[WhiteTitle "GM"]
[BlackTitle "GM"]
[WhiteElo "2811"]
[BlackElo "2705"]
[WhiteFideId "8603677"]
[BlackFideId "2004887"]
[EventDate "2019.09.02"]

1. Nf3 d5 2. g3 g6 3. Bg2 Bg7 4. d4 Nf6 5. O-O O-O 6. c4 Nc6 7. cxd5 Nxd5 8. e4
Nb6 9. d5 Ne5 10. Nxe5 Bxe5 11. Nc3 e6 12. Bh6 Re8 13. Re1 Bd7 14. h4 Nc4 15.
Qb3 b5 16. Rad1 Qc8 17. Kh2 c6 18. f4 Bc7 19. a4 Na5 20. Qb4 exd5 21. Qd4 1-0

[Event "chess.com Speed 2019"]
[Site "chess.com INT"]
[Date "2019.09.03"]
[Round "1.30"]
[White "Shankland, Sam"]
[Black "Ding, Liren"]
[Result "1/2-1/2"]
[WhiteTitle "GM"]
[BlackTitle "GM"]
[WhiteElo "2705"]
[BlackElo "2811"]
[WhiteFideId "2004887"]
[BlackFideId "8603677"]
[EventDate "2019.09.02"]

1. e4 e5 2. Nf3 Nc6 3. Bb5 Nf6 4. d3 Bc5 5. Nbd2 O-O 6. Ba4 d6 7. c3 Ne7 8. O-O
Ng6 9. Re1 c6 10. Nf1 d5 11. exd5 cxd5 12. Bg5 h6 13. Bxf6 Qxf6 14. Bb3 Bg4 15.
Bxd5 Nf4 16. Be4 Rad8 17. Ne3 Bh5 18. h3 Qe6 19. Ng4 f5 20. Nfxe5 fxe4 21. d4
Bd6 22. Rxe4 Bxe5 23. Rxe5 Qxe5 24. dxe5 Rxd1+ 25. Rxd1 Re8 26. Rd7 Bxg4 27.
hxg4 Rxe5 28. Rxb7 a5 29. a4 Nd3 30. b4 Re1+ 31. Kh2 axb4 32. cxb4 Nxf2 33. a5
Ra1 34. Kg3 Nd3 35. Kf3 Kh7 36. Ke3 Ra3 37. Kd4 Nxb4 38. Rxb4 Rxa5 39. Ke3 Ra2
40. Kf3 Ra3+ 41. Kf2 1/2-1/2

[Event "chess.com Speed 2019"]
[Site "chess.com INT"]
[Date "2019.09.03"]
[Round "1.31"]
[White "Ding, Liren"]
[Black "Shankland, Sam"]
[Result "1-0"]
[WhiteTitle "GM"]
[BlackTitle "GM"]
[WhiteElo "2811"]
[BlackElo "2705"]
[WhiteFideId "8603677"]
[BlackFideId "2004887"]
[EventDate "2019.09.02"]

1. d4 d5 2. c4 c6 3. Nf3 Nf6 4. Nc3 e6 5. Bg5 Nbd7 6. e3 Qa5 7. Nd2 dxc4 8. Bxf6
Nxf6 9. Nxc4 Qc7 10. Rc1 Be7 11. g3 O-O 12. Bg2 Rd8 13. O-O Bd7 14. e4 Be8 15.
e5 Nd7 16. Ne4 Nb6 17. Ncd6 Nc8 18. Nc4 Nb6 19. Ncd6 Bxd6 20. exd6 Qb8 21. Qg4
f5 22. Nf6+ Kh8 23. Qh4 Bg6 24. d7 Nxd7 25. Nxd7 Rxd7 26. Rfe1 Bf7 27. Bf1 Qd8
28. Qxd8+ Raxd8 29. Bc4 Rd6 30. Re5 g6 31. Rce1 Re8 32. Rd1 Kg7 33. f4 Kf6 34.
Kf2 Red8 35. Ke3 b6 36. b4 h6 37. h4 Rg8 38. Rh1 g5 39. hxg5+ hxg5 40. Rh6+ Rg6
41. Rxg6+ Kxg6 42. a4 Kf6 43. a5 gxf4+ 44. gxf4 Rd8 45. Be2 Rh8 46. Bf3 Rh3 47.
Kf2 Be8 48. Kg2 Rh4 49. Kg3 Rh7 50. Re1 Bd7 51. Rc1 Rg7+ 52. Kf2 bxa5 53. bxa5
Rg8 54. Rb1 Rd8 55. Rb7 Be8 56. Ke3 a6 57. Rb6 Ra8 58. Bxc6 Bxc6 59. Rxc6 Ke7
60. d5 exd5 61. Kd4 Rb8 62. Rxa6 Rb5 63. Ke5 d4+ 64. Kxd4 Kd7 65. Ra7+ Kc6 66.
a6 Ra5 67. Ra8 Kb6 68. a7 Kb7 69. Rd8 Kxa7 70. Rd5 Ra1 71. Ke5 1-0

[Event "chess.com Speed 2019"]
[Site "chess.com INT"]
[Date "2019.09.04"]
[Round "1.1"]
[White "Nepomniachtchi, Ian"]
[Black "Danielian, Elina"]
[Result "1-0"]
[WhiteTitle "GM"]
[BlackTitle "GM"]
[WhiteElo "2776"]
[BlackElo "2385"]
[WhiteFideId "4168119"]
[BlackFideId "13300210"]
[EventDate "2019.09.02"]

1. c4 e5 2. Nc3 Nf6 3. Nf3 Nc6 4. e3 Bb4 5. Qc2 O-O 6. Nd5 Re8 7. Bd3 g6 8. O-O
Bf8 9. a3 a5 10. Rb1 d6 11. Nxf6+ Qxf6 12. Be4 Qe7 13. b4 axb4 14. axb4 Bg7 15.
b5 Nd8 16. Bb2 Ne6 17. Bd5 Nc5 18. d4 exd4 19. Nxd4 Ne4 20. Ra1 Rxa1 21. Rxa1
Nf6 22. Bf3 h5 23. h3 Ne4 24. Ra7 Nc5 25. Bc3 h4 26. Qb2 Qg5 27. Kh1 Nd3 28. Qd2
Nc5 29. Qc2 Be5 30. Bd5 Bg7 31. Nf3 Qh5 32. Bxg7 Kxg7 33. Qc3+ Kg8 34. Qf6 Be6
35. Bxe6 Nxe6 36. Rxb7 Ra8 37. Kh2 1-0

[Event "chess.com Speed 2019"]
[Site "chess.com INT"]
[Date "2019.09.04"]
[Round "1.2"]
[White "Danielian, Elina"]
[Black "Nepomniachtchi, Ian"]
[Result "0-1"]
[WhiteTitle "GM"]
[BlackTitle "GM"]
[WhiteElo "2385"]
[BlackElo "2776"]
[WhiteFideId "13300210"]
[BlackFideId "4168119"]
[EventDate "2019.09.02"]

1. d4 Nf6 2. Nf3 g6 3. Bg5 Bg7 4. Nbd2 O-O 5. c3 d6 6. e4 c5 7. d5 e6 8. dxe6
Bxe6 9. Bc4 Re8 10. O-O Qc7 11. Bxe6 Rxe6 12. Re1 Nbd7 13. Qc2 h6 14. Bxf6 Nxf6
15. Rad1 Rae8 16. Re3 Qc6 17. Rde1 b5 18. h3 a6 19. a4 bxa4 20. R3e2 Qb5 21. Nf1
Nd7 22. N3d2 Nb6 23. Ne3 h5 24. f4 c4 25. Kh1 Qc5 26. f5 R6e7 27. Rf1 Bh6 28.
Rf3 Kh7 29. fxg6+ fxg6 30. Nef1 Nd7 31. Ref2 Ne5 32. Rf6 Bg5 33. R6f4 Nd3 34.
Rf7+ Kg8 0-1

[Event "chess.com Speed 2019"]
[Site "chess.com INT"]
[Date "2019.09.04"]
[Round "1.3"]
[White "Nepomniachtchi, Ian"]
[Black "Danielian, Elina"]
[Result "1-0"]
[WhiteTitle "GM"]
[BlackTitle "GM"]
[WhiteElo "2776"]
[BlackElo "2385"]
[WhiteFideId "4168119"]
[BlackFideId "13300210"]
[EventDate "2019.09.02"]

1. c4 e5 2. Nc3 Nf6 3. Nf3 Nc6 4. g3 Bb4 5. Bg2 O-O 6. O-O Bxc3 7. bxc3 Re8 8.
Ne1 d6 9. e4 h6 10. d3 a6 11. Rb1 b5 12. cxb5 axb5 13. a3 Rb8 14. Nc2 Be6 15. f4
d5 16. f5 Bc8 17. Qe2 Qd6 18. g4 dxe4 19. dxe4 Qc5+ 20. Be3 Qxc3 21. Rfc1 Qc4
22. Qxc4 bxc4 23. Rxb8 Nxb8 24. Nb4 Nxg4 25. Ba7 Na6 26. Nd5 Bb7 27. Rxc4 Ra8
28. Bf2 Nxf2 29. Kxf2 c6 30. Ne7+ Kf8 31. Nxc6 f6 32. Na5 Bc8 33. Bf1 Bd7 34.
Rc3 Ke7 35. Nb3 Kd6 36. Rg3 Nc5 37. Nd2 Bc6 38. Nc4+ Ke7 39. Rxg7+ Kf8 40. Rc7
Nxe4+ 41. Ke3 Ra6 42. Rxc6 1-0

[Event "chess.com Speed 2019"]
[Site "chess.com INT"]
[Date "2019.09.04"]
[Round "1.4"]
[White "Danielian, Elina"]
[Black "Nepomniachtchi, Ian"]
[Result "0-1"]
[WhiteTitle "GM"]
[BlackTitle "GM"]
[WhiteElo "2385"]
[BlackElo "2776"]
[WhiteFideId "13300210"]
[BlackFideId "4168119"]
[EventDate "2019.09.02"]

1. d4 Nf6 2. Nf3 g6 3. Bg5 Bg7 4. Nbd2 O-O 5. c3 d6 6. e4 c5 7. d5 e6 8. dxe6
Bxe6 9. Bc4 Re8 10. O-O Qc7 11. Bxf6 Bxf6 12. Bxe6 Rxe6 13. Nc4 Nd7 14. Qd3 b5
15. Ne3 Qc6 16. Nd5 Rae8 17. Nd2 c4 18. Qc2 Nc5 19. f3 Bg7 20. b3 cxb3 21. axb3
a6 22. Rad1 f5 23. exf5 Re5 24. c4 Rxf5 25. Ne4 Nxe4 26. fxe4 Qc5+ 27. Kh1 Rxf1+
28. Rxf1 bxc4 29. bxc4 a5 30. h3 Qd4 31. Qa4 Qxe4 32. Qxa5 Qxc4 33. Rd1 Qc5 34.
Qa4 Rf8 35. Qb3 Kh8 0-1

[Event "chess.com Speed 2019"]
[Site "chess.com INT"]
[Date "2019.09.04"]
[Round "1.5"]
[White "Nepomniachtchi, Ian"]
[Black "Danielian, Elina"]
[Result "1-0"]
[WhiteTitle "GM"]
[BlackTitle "GM"]
[WhiteElo "2776"]
[BlackElo "2385"]
[WhiteFideId "4168119"]
[BlackFideId "13300210"]
[EventDate "2019.09.02"]

1. c4 e5 2. Nc3 Nf6 3. Nf3 Nc6 4. g3 Bb4 5. Bg2 O-O 6. Nd5 Re8 7. O-O Bf8 8. d3
h6 9. Nd2 d6 10. b3 a5 11. Bb2 Be6 12. a3 Bxd5 13. cxd5 Ne7 14. e4 c6 15. dxc6
Nxc6 16. Nc4 Nd4 17. Rc1 b5 18. Ne3 Nd7 19. Bxd4 exd4 20. Nf5 Qf6 21. b4 axb4
22. axb4 g6 23. Nh4 Ra4 24. Qb3 Ne5 25. f4 Ng4 26. e5 Qg7 27. f5 Nxe5 28. fxg6
Nxg6 29. Rxf7 Qxf7 30. Bd5 Ra7 31. Nxg6 1-0

[Event "chess.com Speed 2019"]
[Site "chess.com INT"]
[Date "2019.09.04"]
[Round "1.6"]
[White "Danielian, Elina"]
[Black "Nepomniachtchi, Ian"]
[Result "0-1"]
[WhiteTitle "GM"]
[BlackTitle "GM"]
[WhiteElo "2385"]
[BlackElo "2776"]
[WhiteFideId "13300210"]
[BlackFideId "4168119"]
[EventDate "2019.09.02"]

1. d4 Nf6 2. Nf3 g6 3. Bg5 Bg7 4. Nbd2 O-O 5. c3 d6 6. e4 c5 7. d5 e6 8. dxe6
Bxe6 9. Bc4 Re8 10. O-O Nbd7 11. Re1 Qc7 12. Qc2 h6 13. Bh4 Bxc4 14. Nxc4 b5 15.
Bxf6 Nxf6 16. Nxd6 Qxd6 17. e5 Qc6 18. exf6 Bxf6 19. a4 Rab8 20. Rxe8+ Qxe8 21.
Re1 Qc6 22. axb5 Qxb5 23. Re2 a5 24. h4 h5 25. Qe4 Kg7 26. g3 Rb6 27. Rd2 Re6
28. Qd5 a4 29. Kg2 Qc6 30. Qxc6 Rxc6 31. Rc2 Ra6 32. Nd2 a3 33. bxa3 Rxa3 34.
Ne4 Be7 35. c4 Ra4 36. Kf3 f5 37. Nd2 Bf6 38. Ke2 Ra3 39. Nb1 Ra8 40. Nd2 Re8+
41. Kf3 Rd8 42. Ke2 f4 43. Ne4 fxg3 44. fxg3 Bd4 45. Ra2 Rb8 46. Ra7+ Kg8 47.
Rc7 Rb2+ 48. Kf3 Rb3+ 49. Kg2 Rb2+ 50. Kf3 Rb3+ 51. Kg2 Re3 52. Rc8+ Kf7 53.
Nxc5 Be5 54. Kf2 Bd4 55. Kg2 Be5 56. Kf2 Ra3 57. Ne4 Ke6 58. c5 Kf5 59. Nd6+ Kg4
60. Ne4 Bd4+ 61. Ke2 Re3+ 62. Kd2 Rxe4 63. c6 Bb6 64. c7 Re7 65. Rg8 Rd7+ 66.
Ke2 Re7+ 67. Kd2 Bxc7 68. Rxg6+ Kh3 69. Rg5 Rh7 70. Ke2 Bxg3 71. Kf3 Rf7+ 0-1

[Event "chess.com Speed 2019"]
[Site "chess.com INT"]
[Date "2019.09.04"]
[Round "1.7"]
[White "Nepomniachtchi, Ian"]
[Black "Danielian, Elina"]
[Result "1-0"]
[WhiteTitle "GM"]
[BlackTitle "GM"]
[WhiteElo "2776"]
[BlackElo "2385"]
[WhiteFideId "4168119"]
[BlackFideId "13300210"]
[EventDate "2019.09.02"]

1. c4 e5 2. g3 Nf6 3. Bg2 Nc6 4. Nc3 g6 5. Nf3 Bg7 6. d4 exd4 7. Nxd4 O-O 8. O-O
Re8 9. Nxc6 bxc6 10. b3 Qe7 11. Bb2 a5 12. Qc2 Bb7 13. Rfe1 d6 14. Na4 Nd7 15.
Bxg7 Kxg7 16. Rad1 Qf6 17. c5 d5 18. e4 Rad8 19. f4 Nf8 20. e5 Qe6 21. Qc3 Ra8
22. Nb2 Ba6 23. Rd4 Bb5 24. a4 Ba6 25. Nd1 Kg8 26. Ne3 Qd7 27. Rd2 Ne6 28. Ng4
Qe7 29. Nf6+ Kg7 30. Nxe8+ Rxe8 31. Qxa5 Qxc5+ 32. Qxc5 Nxc5 33. Rc2 Nxb3 34.
Rxc6 Bc4 35. Rxc7 Kg8 36. Rd1 1-0

[Event "chess.com Speed 2019"]
[Site "chess.com INT"]
[Date "2019.09.04"]
[Round "1.8"]
[White "Danielian, Elina"]
[Black "Nepomniachtchi, Ian"]
[Result "0-1"]
[WhiteTitle "GM"]
[BlackTitle "GM"]
[WhiteElo "2385"]
[BlackElo "2776"]
[WhiteFideId "13300210"]
[BlackFideId "4168119"]
[EventDate "2019.09.02"]

1. d4 Nf6 2. Bg5 d5 3. Bxf6 gxf6 4. c4 c5 5. dxc5 d4 6. e3 dxe3 7. Qxd8+ Kxd8 8.
fxe3 Na6 9. Nc3 Nxc5 10. b4 Na6 11. a3 e6 12. Nf3 Ke7 13. Rd1 Nc7 14. Kf2 Bg7
15. Be2 Bd7 16. Nd4 Rad8 17. Bf3 Bc8 18. c5 f5 19. g3 Be5 20. Rd2 Kf6 21. Rhd1
Rhg8 22. Ndb5 Rxd2+ 23. Rxd2 a6 24. Nd4 h5 25. Nde2 h4 26. a4 hxg3+ 27. hxg3 Ke7
28. b5 axb5 29. axb5 Bd7 30. c6 bxc6 31. Bxc6 Bxc6 32. bxc6 Rd8 33. Ra2 Rd6 34.
Ra7 Rxc6 35. Nb5 Kf6 36. Nbd4 Rc4 37. Kf3 Nd5 38. Ra3 Bd6 39. Rb3 e5 40. Nb5 Bc5 0-1

[Event "chess.com Speed 2019"]
[Site "chess.com INT"]
[Date "2019.09.04"]
[Round "1.9"]
[White "Nepomniachtchi, Ian"]
[Black "Danielian, Elina"]
[Result "1-0"]
[WhiteTitle "GM"]
[BlackTitle "GM"]
[WhiteElo "2776"]
[BlackElo "2385"]
[WhiteFideId "4168119"]
[BlackFideId "13300210"]
[EventDate "2019.09.02"]

1. c4 Nf6 2. Nc3 c5 3. Nf3 Nc6 4. e3 e6 5. d4 d5 6. a3 a6 7. dxc5 Bxc5 8. b4 Be7
9. cxd5 exd5 10. Bb2 O-O 11. Be2 Re8 12. O-O Be6 13. Rc1 Rc8 14. h3 Bd6 15. Bd3
Bb8 16. Ne2 Ne4 17. Nf4 Bxf4 18. exf4 f6 19. Re1 Bf7 20. Bf1 Qb6 21. Nd4 a5 22.
b5 Nxd4 23. Qxd4 Qxd4 24. Bxd4 Nd6 25. Rxc8 Rxc8 26. Bd3 Kf8 27. g4 h6 28. a4
Nc4 29. Re2 Re8 30. Kf1 Rxe2 31. Kxe2 Ke7 32. Bc5+ Ke8 33. Bd4 h5 34. g5 Ke7 35.
h4 Be6 36. f3 Bd7 37. Bg6 Be8 38. Bc5+ Kd7 39. Bc2 Bf7 40. g6 Be6 41. Bf8 1-0

[Event "chess.com Speed 2019"]
[Site "chess.com INT"]
[Date "2019.09.04"]
[Round "1.10"]
[White "Danielian, Elina"]
[Black "Nepomniachtchi, Ian"]
[Result "0-1"]
[WhiteTitle "GM"]
[BlackTitle "GM"]
[WhiteElo "2385"]
[BlackElo "2776"]
[WhiteFideId "13300210"]
[BlackFideId "4168119"]
[EventDate "2019.09.02"]

1. d4 Nf6 2. Bg5 d5 3. Bxf6 gxf6 4. c4 c5 5. dxc5 d4 6. e3 dxe3 7. Qxd8+ Kxd8 8.
fxe3 e6 9. Nc3 Bxc5 10. Kf2 Nc6 11. Nf3 Ke7 12. a3 a5 13. Be2 b6 14. Rhd1 Bb7
15. Rd2 h5 16. Rad1 Rad8 17. Na4 Rxd2 18. Rxd2 h4 19. Nd4 Nxd4 20. exd4 Bd6 21.
Bf3 Bxf3 22. Kxf3 Bxh2 23. Nxb6 Bc7 24. Na4 Rg8 25. Nc3 Rg3+ 26. Kf2 f5 27. c5
h3 28. gxh3 Rxh3 29. Ke2 Bf4 30. Rc2 Re3+ 31. Kf2 Rd3 32. Nb5 Rh3 33. Ke2 Re3+
34. Kf2 Rb3 35. a4 Kd8 36. c6 Bc7 37. Ke2 f4 38. Rd2 f3+ 39. Kf2 Bb6 40. Kf1 Rb4
41. Rd3 Rxa4 42. Rxf3 Rb4 43. Nd6 Kc7 44. Nxf7 Bxd4 45. Ng5 e5 46. Rf6 Rxb2 47.
Ne6+ Kb6 48. c7 Rb1+ 49. Ke2 Rc1 0-1

[Event "chess.com Speed 2019"]
[Site "chess.com INT"]
[Date "2019.09.04"]
[Round "1.11"]
[White "Nepomniachtchi, Ian"]
[Black "Danielian, Elina"]
[Result "1-0"]
[WhiteTitle "GM"]
[BlackTitle "GM"]
[WhiteElo "2776"]
[BlackElo "2385"]
[WhiteFideId "4168119"]
[BlackFideId "13300210"]
[EventDate "2019.09.02"]

1. e4 c6 2. d4 d5 3. e5 Bf5 4. Nf3 e6 5. c3 Nd7 6. Be2 Ne7 7. Nh4 Be4 8. Nd2 c5
9. O-O Nc6 10. g3 Be7 11. Nxe4 dxe4 12. Ng2 cxd4 13. cxd4 Nb6 14. Be3 O-O 15.
Nf4 Bg5 16. Re1 Bxf4 17. gxf4 Qh4 18. Bf1 Nd5 19. Qd2 f6 20. Bg2 fxe5 21. fxe5
Rf5 22. Qc2 Rh5 23. h3 Rf8 24. Qxe4 Nf4 25. Bxf4 Rxf4 26. Qe3 Nxd4 27. Rac1 h6
28. Qg3 Rg5 29. Qxh4 Rxh4 30. Kf1 Rf4 31. Rc8+ Kh7 32. Re4 Rgf5 33. Rxf4 Rxf4
34. Bxb7 Kg6 35. Rc4 Kf5 36. Ra4 Kxe5 37. Rxa7 Rf3 38. Bxf3 1-0

[Event "chess.com Speed 2019"]
[Site "chess.com INT"]
[Date "2019.09.04"]
[Round "1.12"]
[White "Danielian, Elina"]
[Black "Nepomniachtchi, Ian"]
[Result "1/2-1/2"]
[WhiteTitle "GM"]
[BlackTitle "GM"]
[WhiteElo "2385"]
[BlackElo "2776"]
[WhiteFideId "13300210"]
[BlackFideId "4168119"]
[EventDate "2019.09.02"]

1. d4 e6 2. Nf3 Nf6 3. e3 c5 4. c4 cxd4 5. exd4 b6 6. Nc3 Bb7 7. Bd3 d5 8. cxd5
Nxd5 9. Ne5 a6 10. O-O Nd7 11. f4 Be7 12. Qe2 O-O 13. Bd2 Nxe5 14. dxe5 Nb4 15.
Bb1 Bc5+ 16. Be3 Qe7 17. Ne4 Bxe4 18. Bxe4 Rac8 19. a3 Nc2 20. Bxh7+ Kxh7 21.
Qxc2+ Kg8 22. Qf2 Bxe3 23. Qxe3 Rc2 24. Rf2 Rfc8 25. Raf1 b5 26. h3 g6 27. Rxc2
Rxc2 28. Rf2 Rc4 29. Kh2 Kg7 30. Rd2 Qc7 31. Qg3 Rc2 32. Rxc2 Qxc2 33. b4 Qc1
34. Qg5 Qxa3 35. Qf6+ Kg8 36. Qd8+ Kg7 37. Qf6+ Kg8 38. Qd8+ Kg7 39. Qf6+ 1/2-1/2

[Event "chess.com Speed 2019"]
[Site "chess.com INT"]
[Date "2019.09.04"]
[Round "1.13"]
[White "Nepomniachtchi, Ian"]
[Black "Danielian, Elina"]
[Result "1-0"]
[WhiteTitle "GM"]
[BlackTitle "GM"]
[WhiteElo "2776"]
[BlackElo "2385"]
[WhiteFideId "4168119"]
[BlackFideId "13300210"]
[EventDate "2019.09.02"]

1. Nf3 d5 2. c4 dxc4 3. e3 e6 4. Bxc4 Nf6 5. O-O c5 6. Nc3 a6 7. d4 b5 8. Be2
Bb7 9. b3 Nbd7 10. Bb2 Be7 11. dxc5 Bxc5 12. Nd4 O-O 13. Rc1 Rc8 14. Rc2 Qe7 15.
a4 b4 16. Nb1 Rfd8 17. Nd2 Ne5 18. Qa1 Bd6 19. Rxc8 Rxc8 20. h3 h6 21. Rc1 Rc7
22. a5 Nd5 23. Ne4 Rxc1+ 24. Qxc1 Bc7 25. Nc5 Bxa5 26. Nxb7 Qxb7 27. Nxe6 Nc3
28. Nd4 Qb6 29. Bf1 Qd6 30. Qa1 1-0

[Event "chess.com Speed 2019"]
[Site "chess.com INT"]
[Date "2019.09.04"]
[Round "1.14"]
[White "Danielian, Elina"]
[Black "Nepomniachtchi, Ian"]
[Result "0-1"]
[WhiteTitle "GM"]
[BlackTitle "GM"]
[WhiteElo "2385"]
[BlackElo "2776"]
[WhiteFideId "13300210"]
[BlackFideId "4168119"]
[EventDate "2019.09.02"]

1. d4 d5 2. Nf3 Bf5 3. Bf4 e6 4. e3 Bd6 5. Bg3 Nf6 6. a3 Ne4 7. c4 c6 8. Bd3
dxc4 9. Bxc4 Nd7 10. O-O Nxg3 11. hxg3 O-O 12. Nc3 Nb6 13. Bd3 Bxd3 14. Qxd3 c5
15. Rfd1 cxd4 16. Qxd4 Be7 17. Qe4 Qb8 18. Rac1 a6 19. Ne5 Bf6 20. Nd7 Nxd7 21.
Rxd7 b5 22. Qf3 Ra7 23. Rd3 Rc7 24. Rcd1 Bxc3 25. bxc3 h6 26. g4 Qc8 27. e4 Rc5
28. g3 Qc7 29. Kg2 Qe5 30. Rd4 Rcc8 31. R1d3 Qc5 32. a4 bxa4 33. Rxa4 Qb5 34.
Rad4 a5 35. Qd1 Rc4 36. Qd2 Qc6 37. Rxc4 Qxc4 38. Rd4 Qc6 39. c4 a4 40. f3 Ra8
41. g5 h5 42. g6 fxg6 43. Rd6 Qxc4 0-1

[Event "chess.com Speed 2019"]
[Site "chess.com INT"]
[Date "2019.09.04"]
[Round "1.15"]
[White "Nepomniachtchi, Ian"]
[Black "Danielian, Elina"]
[Result "1-0"]
[WhiteTitle "GM"]
[BlackTitle "GM"]
[WhiteElo "2776"]
[BlackElo "2385"]
[WhiteFideId "4168119"]
[BlackFideId "13300210"]
[EventDate "2019.09.02"]

1. e4 c6 2. Nf3 d5 3. Nc3 Bg4 4. h3 Bxf3 5. Qxf3 e6 6. d4 dxe4 7. Nxe4 Nd7 8. c3
Ngf6 9. Bd3 Be7 10. O-O O-O 11. Re1 Nxe4 12. Bxe4 Nf6 13. Bc2 Qd5 14. Qe2 Rfe8
15. Bf4 a5 16. Bb3 Qd7 17. Rad1 a4 18. Bc2 Nd5 19. Bd2 b5 20. a3 Qc7 21. Bc1 Bd6
22. g3 g6 23. Kg2 Bf8 24. h4 h5 25. Qf3 Bg7 26. Re4 Rad8 27. Rde1 c5 28. dxc5
Qxc5 29. Bg5 Rd7 30. g4 hxg4 31. Rxg4 f5 32. Rg3 e5 33. Kg1 e4 34. Qg2 Re6 35.
Bc1 Qc6 36. Rd1 Rf7 37. Bb1 Nb6 38. Rd8+ Kh7 39. h5 gxh5 40. Rg5 Rh6 41. Rxf5
Rxf5 42. Bxe4 Qf6 43. Bxh6 Bxh6 1-0